LEADER 00829nam a2200193 i 4500 001 000000166879 003 CaOOAMICUS 005 20071120000000.0 008 071120s1934 it u000 u ita u 013 $a144248 040 $aSeMil$bita 100 1 $aDe Cani, Carlo.$0(OLS)http://semarc/name/31488 245 10$aDelle recensioni al mio commento dell'antipurgatorio /$cSac. Prof. Carlo De Cani. 260 $aMilano :$bTipografia Pontificia ed Arcivescovile San Giuseppe,$c1934. 300 $a58 p. ;$c20 cm. 850 $aSeMil 852 $aSeMil$W1$xVenegono$y1$m1O V 13$j118039$B118039$CSeMilBibl$Z2$F128907 $81 996 $6245$aDelle recensioni al mio commento dell'antipurgatorio$9(OLS)http://semarc/title/238580 996 $6260$aMilano :$bTipografia Pontificia ed Arcivescovile San Giuseppe$9(OLS)http://semarc/publisher/35713 LEADER 01061nam a2200265 4500 001 000000353519 003 CaOOAMICUS 005 20230503121537.0 008 230419s2021 it 000 u ita r 020 $a978-88-16-41743-4 040 $aSeMil$bita 100 1 $aTesta, Benedetto,$c.$0(OLS)http://semarc/name/25773 245 12$aI sacramenti della Chiesa /$cBenedetto Testa. 250 $aNuova edizione ampliata e aggiornata 264 1$aMilano :$bJaca Book,$c2021. 300 $a349 p. ;$c24 cm 490 1 $aPensiero cristiano 650 4$aSacramenti - Studi.$0(OLS)http://semarc/subject/272 830 0$aPensiero cristiano.$0(OLS)http://semarc/title/401044 850 $aSeMil 852 $aSeMil$W1$xVenegono$y1$m2B IV 337$j239871$B244835$CSeMilBibl$Z2$F244835 $81 996 $6020$a978-88-16-41743-4$9(OLS)http://semarc/number/298000 996 $6245$aI sacramenti della Chiesa$9(OLS)http://semarc/title/118465 996 $6264$aMilano :$bJaca Book$9(OLS)http://semarc/publisher/29781